000 00539nam a22001697a 4500
005 20260509130809.0
008 260509b |||||||| |||| 00| 0 eng d
020 _a9789372123104
040 _aSGVU Library
_cSGVU Library
082 _222
_a630.208 563
_bSUJ A
100 _aSunil Jhade
_940308
245 _aAgri- Informatics and Artificial Intelligence
_hEnglish
260 _aNew Delhi , India
_bKalyani Publishers
_c2026
300 _a22.8p
_bPB
650 _aAgriculture
_yG4764
_940309
942 _2ddc
_cBOOKS
_k630.208 563 SUJ A
999 _c90281
_d90281